La Escritura y lo escrito : Paleografía y Diplomática de España y América en los siglos XVI y XVII / Vicenta Cortés Alonso Paleografía y Diplomática de España y América en los siglos XVI y XVII / Vicenta Cortés Alonso
Descripción Física:
XIV, [1] làm., 206 p. : il. ; 30 cm
MARC
| LEADER | 00000nam a2200000Ia 4500 | ||
|---|---|---|---|
| 001 | 2247 | ||
| 003 | BGR | ||
| 005 | 20260324175413.0 | ||
| 008 | 160829s1986 xx 000 0 cat d | ||
| 080 | |a A-1-99 | ||
| 100 | |a Cortés Alonso, Vicenta |9 31965 | ||
| 245 | |a La Escritura y lo escrito : |b Paleografía y Diplomática de España y América en los siglos XVI y XVII / Vicenta Cortés Alonso | ||
| 260 | |a Madrid : |b Instituto de Cooperación Iberoamericana, |c 1986 | ||
| 300 | |a XIV, [1] làm., 206 p. : |b il. ; |c 30 cm | ||
| 650 | |a Paleografia |9 34179 | ||
| 650 | |a Diplomàtica |9 31967 | ||
| 710 | 1 | |a Instituto de Cooperación Iberoamericana |9 71143 | |
| 901 | |a Arxiu | ||
| 942 | |n 1 |2 udc |c MON | ||
| 952 | |0 0 |1 0 |4 0 |6 A199 |7 1 |9 45820 |a Arxiu |b Arxiu |d 2016-12-01 |l 0 |o A-1-99 |p 2247 |r 2016-12-01 00:00:00 |w 2016-12-01 |y ARXIU | ||
| 999 | |c 49320 |d 49320 | ||